000 00676cam a22002411 4500
001 sa 67001796
003 DLC
005 20260227112325.0
008 890403r1965uuuuio ac 000 0 ind
010 _asa 67001796
035 _a(OCoLC)23569286
040 _aDLC
_cMiU
_dDLC
042 _apremarc
043 _aa-io---
050 0 0 _aDS644
_b.2 1965.N66
100 1 _aNotosoetardjo, Achmad,
_cHadji.
245 1 0 _aRevolusi Indonesia berdasarkan adjaran Bung Karno,
250 _a[Tjet. 1.
260 _aDjakarta,
_bEndang]
_c1965.
300 _a48 p.
_billus., ports.
_c22 cm.
651 0 _aIndonesia
_xHistory
_yRevolution, 1945-1949
700 0 _aSoekarno,
_d1901-1970.
999 _c72864
_d72864